LEADER 01099cam0-2200325---450- 001 990004036290403321 005 20151130160659.0 035 $a000403629 035 $aFED01000403629 035 $a(Aleph)000403629FED01 035 $a000403629 100 $a19990604d1986----km-y0itay50------ba 101 0 $afre 102 $aIT 105 $a--------001yy 200 1 $aDu conflit racinien à la comédie de moeurs$equatre essais sur l'egalité$fStella Gargantini Rabbi$gavec une préface et un appendice de Corrado Rosso sur l'Astrea Placata de Metastase 210 $aPisa$cEditrice Libreria Goliardica$d1986 215 $a155 p.$d21 cm 225 1 $aHistoire et critique des idées$v9 610 0 $aTeatro francese$aSec. 17.-18. 676 $a842.009$v22$zita 700 1$aGargantini Rabbi,$bStella$0153971 702 1$aRosso,$bCorrado$f<1925- > 801 0$aIT$bUNINA$gRICA$2UNIMARC 901 $aBK 912 $a990004036290403321 952 $a842.009 GAR 1$bDip.f.m.1541$fFLFBC 959 $aFLFBC 996 $aDu conflit racinien à la comédie de moeurs$9184948 997 $aUNINA LEADER 01246nam 2200397 450 001 9910466078503321 005 20200520144314.0 010 $a1-4674-4030-2 035 $a(CKB)3710000001084579 035 $a(MiAaPQ)EBC4859308 035 $a(Au-PeEL)EBL4859308 035 $a(CaPaEBR)ebr11388402 035 $a(OCoLC)988868615 035 $a(EXLCZ)993710000001084579 100 $a20170619h20142014 uy 0 101 0 $aeng 135 $aurcnu|||||||| 181 $2rdacontent 182 $2rdamedia 183 $2rdacarrier 200 04$aThe book of Isaiah $eenduring questions answered anew : essays honoring Joseph Blenkinsopp and his contribution to the study of Isaiah /$fedited by Richard J. Bautch and J. Todd Hibbard 210 1$aGrand Rapids, Michigan ;$aCambridge, England :$cWilliam B. Eerdmans Publishing Company,$d2014. 210 4$d©2014 215 $a1 online resource (171 pages) 311 $a0-8028-6773-1 608 $aElectronic books. 676 $a224.106 702 $aBautch$b Richard J. 702 $aHibbard$b J. Todd 801 0$bMiAaPQ 801 1$bMiAaPQ 801 2$bMiAaPQ 906 $aBOOK 912 $a9910466078503321 996 $aThe book of Isaiah$92222053 997 $aUNINA